000
00279nam a2200109Ia 4500
008
190912s9999||||xx |||||||||||||| ||und||
100
_a
Watts. Humphrey
245
0
_a
Inroduction To The Personal Software Process
260
_a
India
_b
McGraw Hill
_c
2000
300
_a
278
942
_c
BK
999
_c
7454
_d
7454